• 首页
  • 本馆介绍
  • 公告通知
  • 最新文献
  • 馆藏检索
  • 电子资源
  • 读者导购
  • 参考咨询
  • 我的图书馆
  • 登录
  • 详细信息显示
  • 放入我的书架
  • 预约/预借图书
  • 作者相关作品
  • 分类相关作品
  • 丛书相关作品
  • 出版社相关作品

书目信息

  • 表格格式
  • 工作单格式
  • 卡片格式
题名:
循环经济法制保障研究
    
 
作者: 俞金香 , 何文杰 , 武晓红 著
分册:  
出版信息: 北京   法律出版社  2009
页数: 332页
开本: 21cm
丛书名:
单 册:
中图分类: D922.604
科图分类:
主题词: 自然资源--资源经济学--法律--研究--中国 , 自然资源 , 资源经济学 , 法律
电子资源:
ISBN: 978-7-5036-9281-9
000 01270nam0 2200313 450
001 100428574197
005 20110222143316.79
010    @a978-7-5036-9281-9@dCNY28.00
035    @a004138435
100    @a20090506d2009 em y0chiy0110 ea
101 0  @achi
102    @aCN@b110000
105    @ay z 000yy
106    @ar
200 1  @a循环经济法制保障研究@9xun huan jing ji fa zhi bao zhang yan jiu@f俞金香,何文杰,武晓红著
210    @a北京@c法律出版社@d2009
215    @a332页@d21cm
300    @a甘肃政法学院重点科研资助项目 甘肃政法学院法学院科研资助项目
330    @a本书从我国循环经济法制保障的历史和现状入手,找出我国循环经济法制保障存在的问题,以德国、日本、美国的循环经济法制保障为代表,研究了国外循环经济法制保障的经验和启示。在此基础上,书稿结合我国现行循环经济促进法,对该法立法宗旨和利益的协调进行了阐述,最后从实体与程序上,指出了我国循环经济司法救济的具体措施。
606 0  @a自然资源@x资源经济学@x法律@x研究@y中国
606 0  @a自然资源
606 0  @a资源经济学
606 0  @a法律
690    @aD922.604@v4
701  0 @a俞金香@9yu jin xiang@c(女)@4著
701  0 @a何文杰@9he wen jie@c(法律,@f1973.4~)@4著
701  0 @a武晓红@9wu xiao hong@c(女)@4著
801  0 @aCN@bNLC@c20110222
905    @b205984951-988@h598495-98@dD922.604@e924@f4
    
    循环经济法制保障研究/俞金香,何文杰,武晓红著.-北京:法律出版社,2009
    332页;21cm
    甘肃政法学院重点科研资助项目 甘肃政法学院法学院科研资助项目
    
    ISBN 978-7-5036-9281-9:CNY28.00
    本书从我国循环经济法制保障的历史和现状入手,找出我国循环经济法制保障存在的问题,以德国、日本、美国的循环经济法制保障为代表,研究了国外循环经济法制保障的经验和启示。在此基础上,书稿结合我国现行循环经济促进法,对该法立法宗旨和利益的协调进行了阐述,最后从实体与程序上,指出了我国循环经济司法救济的具体措施。
●
相关链接 在E读中查询图书 在五车中查询图书 在当当中查询图书 在豆瓣中查询图书


正题名:循环经济法制保障研究     索取号:D922.604/924         预约/预借

序号 登录号 条形码 馆藏地/架位号 状态 备注
1 598495   205984951   第一样本阅览室/ [索取号:D922.604/924] 在馆    
2 598496   205984960   第一借阅区/ [索取号:D922.604/924] 在馆    
3 598497   205984979   第一借阅区/ [索取号:D922.604/924] 在馆    
4 598498   205984988   密集书库-史法系/ [索取号:D922.604/924] 在馆    
唐山师范学院图书馆 欢迎您!
大连网信软件有限公司© 版权所有